The decentralization process in the Instituto Nacional de Tecnología Agropecuaria Argentina : report to the Council of the Instituto Nacional de Tecnología Agropecuaria Argentina.
Guardado en:
| Autores Corporativos: | , |
|---|---|
| Formato: | Libro |
| Idioma: | English |
| Publicado: |
The Hague, Netherlands :
International Service for National Agricultural Research,
[1989]
|
| Series: | ISNAR (Series). R ;
40. |
| Etiquetas: |
Agregar Etiqueta
Sin Etiquetas, Sea el primero en etiquetar este registro!
|
| LEADER | 00999cam a2200241 a 4500 | ||
|---|---|---|---|
| 001 | EEA.libagro010716 | ||
| 005 | 20180628113958.0 | ||
| 008 | 900112s1989####ne#a#####b###i000#0#eng## | ||
| 010 | |a 90104318 | ||
| 040 | |a DLC |c DLC |d DLC | ||
| 043 | |a s-ag--- | ||
| 050 | 0 | 0 | |a S542.A7 |b I57 1989 |
| 082 | 0 | 0 | |a 630.72082 |
| 110 | 2 | |a International Service for National Agricultural Research. | |
| 245 | 1 | 4 | |a The decentralization process in the Instituto Nacional de Tecnología Agropecuaria Argentina : |b report to the Council of the Instituto Nacional de Tecnología Agropecuaria Argentina. |
| 260 | |a The Hague, Netherlands : |b International Service for National Agricultural Research, |c [1989] | ||
| 300 | |a 51 p. : |b il. ; |c 30 cm. | ||
| 490 | 1 | |a ISNAR. R ; |v 40 | |
| 500 | |a "May 1989." | ||
| 504 | |a Incluye referencias bibliográficas. | ||
| 710 | 2 | |a Instituto Nacional de Tecnología Agropecuaria (Argentina). | |
| 830 | 0 | |a ISNAR (Series). |p R ; |v 40. | |
| 859 | |a AR-BbBCA |b BIB. AGRONOMIA |h 630.72082 |i I84 |p 1996/2752 | ||
